书目信息 |
| 题名: |
科学与假设
|
|
| 作者: | [法]彭加勒著 叶蕴理 译 | |
| 分册: | ||
| 出版信息: | 北京 商务印书馆 1930.10 |
|
| 页数: | 171页 | |
| 开本: | 32开 | |
| 丛书名: | ||
| 单 册: | ||
| 中图分类: | G304 | |
| 科图分类: | ||
| 主题词: | 科学研究--理论 | |
| 电子资源: | ||
| ISBN: | 7-100-00521-3 | |
| 000 | 00567nam0 2200193 45 | |
| 001 | 0009190907 | |
| 005 | 20000919095927.4 | |
| 010 | @a7-100-00521-3@d7.60元 | |
| 100 | @a20000919d1930 km y0chiy0120 ea | |
| 101 | 0 | @achi |
| 105 | @a z 000yy | |
| 200 | 1 | @a科学与假设@AKe Xue Yu Jia She@f[法]彭加勒著 叶蕴理译@F[Fa]Peng Jia Le Zhu Ye Yun Li Yi |
| 210 | @a北京@c商务印书馆@d1930.10 | |
| 215 | @a171页@d32开 | |
| 606 | 0 | @a科学研究@x理论 |
| 690 | @aG304@v3 | |
| 701 | 0 | @a[法]彭加勒著 叶蕴理@4译 |
| 801 | @aCN@bPftUser@c20000919 | |
| 905 | @b148244-246@dG304@eP451@f3 | |
| 科学与假设/[法]彭加勒著 叶蕴理译.-北京:商务印书馆,1930.10 |
| 171页;32开 |
| ISBN 7-100-00521-3:7.60元 |
| ● |
| 相关链接 |
|
|
|
正题名:科学与假设
索取号:G304/P451
 
预约/预借
| 序号 | 登录号 | 条形码 | 馆藏地/架位号 | 状态 | 备注 |
| 1 | 148244 | 201482449 | 社科库409/409社科库 60排7列1层/ [索取号:G304/P451] | 在馆 | |
| 2 | 148245 | 201482458 | 社科库409/409社科库 60排7列1层/ [索取号:G304/P451] | 在馆 | |
| 3 | 148246 | 201482467 | 社科库409/409社科库 60排7列1层/ [索取号:G304/P451] | 在馆 |